<?xml version="1.0" encoding="UTF-8"?>
<marc:record xmlns:marc="http://www.loc.gov/MARC21/slim">
   <marc:leader>00000nam a2200000 a 4500</marc:leader>
   <marc:datafield ind1="0" ind2="0" tag="245">
      <marc:subfield code="a">Miraculous: Geschichten von Ladybug und Cat Noir</marc:subfield>
   </marc:datafield>
   <marc:datafield ind1=" " ind2="1" tag="264">
      <marc:subfield code="c">2017</marc:subfield>
   </marc:datafield>
   <marc:datafield ind1="1" ind2=" " tag="490">
      <marc:subfield code="a">Miracolous</marc:subfield>
   </marc:datafield>
   <marc:datafield ind1="1" ind2=" " tag="520">
      <marc:subfield code="a">Der Betrüger&#xD;
Ein junger Bildhauer, der in Ladybug verliebt und eifersüchtig auf Cat Noir ist, wird von Hawk Moth akumatisiert. Er ist jetzt &#x84;Copycat&#x93;, der böse Zwilling von Cat Noir, und will unseren Helden loswerden, damit er Ladybug für sich haben kann.&#xD;
&#xD;
Der Valentinstag&#xD;
Kim wird von Chloé abgewiesen und gedemütigt und wird daraufhin akumatisiert. Er wird zu &#x84;Dark Cupid&#x93;. Mit einem Pfeil und bösen Rosen will der schwarze Engel alle Liebe in Hass verwandeln. Für Ladybug und Cat Noir gibt es einige gebrochene Herzen zu flicken.</marc:subfield>
   </marc:datafield>
</marc:record>
